000 00609cam a22002173a 4500
001 37871
003 PGUSA
005 20140828083831.0
008 111028s2011||||xxu|||||s|||||000 | eng d
040 _aPGUSA
_beng
042 _adc
100 1 _aRankin, Carroll Watson,
_d1870-
245 1 0 _aDandelion Cottage
_h[electronic resource] /
_cCarroll Watson Rankin
260 _bProject Gutenberg,
_c2011
506 _aPublic domain in the USA.
516 _aElectronic text
700 1 _aStevens, Mary
830 0 _aProject Gutenberg
_v37871
856 4 0 _uhttp://www.gutenberg.org/ebooks/37871
942 _cEB
999 _c267125
_d267125